|
|
|
|
| LEADER |
01181nam a2200325 a 4500 |
| 001 |
33322 |
| 003 |
BD-DhAAL |
| 005 |
20180712102401.0 |
| 008 |
180712t1996 nyua b 001 0 eng |
| 999 |
|
|
|c 39696
|d 39696
|
| 010 |
|
|
|a 95038133
|
| 020 |
|
|
|a 0442017928
|
| 020 |
|
|
|a 0471286168
|
| 020 |
|
|
|a 9780471286165
|
| 040 |
|
|
|a DLC
|c DLC
|d DLC
|
| 050 |
0 |
0 |
|a NA2760
|b .C46 1996
|
| 082 |
0 |
0 |
|a 720.1
|2 20
|
| 100 |
1 |
|
|a Ching, Francis D. K.,
|d 1943-
|9 26968
|
| 245 |
1 |
0 |
|a Architecture, form, space & order /
|c Francis D.K. Ching.
|
| 250 |
|
|
|a Second edition.
|
| 260 |
|
|
|a New York :
|b Van Nostrand Reinhold,
|c c1996.
|
| 300 |
|
|
|a xiv, 400 pages :
|b illustrations ;
|c 28 cm.
|
| 504 |
|
|
|a Includes bibliographical references (page 377) and indexes.
|
| 526 |
|
|
|a ARC
|
| 541 |
|
|
|e 33322
|
| 650 |
|
0 |
|a Architecture
|x Composition, proportion, etc.
|9 26969
|
| 650 |
|
0 |
|a Space (Architecture)
|9 26970
|
| 852 |
|
|
|a Department of Architecture
|c General Stacks
|
| 942 |
|
|
|2 ddc
|c BK
|
| 952 |
|
|
|0 0
|1 0
|2 ddc
|4 0
|6 720_100000000000000_CHI
|7 0
|9 63723
|a BRACUL
|b BRACUL
|c GEN
|d 2018-07-12
|l 8
|m 34
|o 720.1 CHI
|p 3010033322
|r 2025-10-11
|s 2025-07-14
|t 1
|w 2018-07-12
|y BK
|x Transferred from ARC to BRACUL on 08/02/2024
|